| 000 | 01079nam a2200241 i 4500 | ||
|---|---|---|---|
| 001 | 151604 | ||
| 003 | ES-MaACL | ||
| 005 | 20230906204303.0 | ||
| 008 | 040831s1889 sp |||| | spa d | ||
| 110 | 2 |
_aAteneo de Vitoria. _91848 |
|
| 245 | 1 | 0 |
_aMemoria del curso de 1888 y de los Juegos Florales / _cpor el secretario Herminio Madinaveitia ; y discurso de clausura por el presidente J.M. Caballero. |
| 260 |
_aVitoria : _b[s.n.], _c1889 ( _fImp. de la Ilustración de Álava) |
||
| 300 |
_a67 p. ; _c26 cm. |
||
| 530 | _aDisponible en formato digital. | ||
| 594 | _aTít. del discurso de J.M. Caballero: "La higiene de la mujer" | ||
| 594 | _aPrecede al tít.: Antecedentes. | ||
| 610 | 2 | 4 |
_aAteneo de Vitoria- _vMemorias. _9151231 |
| 650 | 4 |
_aMujeres- _xSalud e higiene. _9140598 |
|
| 700 | 1 |
_aCaballero, José María. _933086 |
|
| 700 | 1 |
_aMadinaveitia, Herminio. _975322 |
|
| 852 |
_aES-MaACL _jT-522-F-6 _z- Enc. hol. conservando cub. original _z- Enc. en un vol. facticio |
||
| 856 |
_uhttp://www.liburuklik.euskadi.eus/handle/10771/25819 _zBiblioteca Digital Vasca |
||
| 999 |
_c151604 _d151604 |
||